Zlatý žobrák štartuje už dnes podujatie ponúka bohatý program

Bibliographic Details
Format: Article
Language:Slovak
PhysicalDescription:Fotogr.
ISSN:1335-4566
Subjects:
Online Access:www.korzar.sk

MARC

LEADER 00000nab a2200000 a 4500
001 vtls009008306
003 SK-MaSNL
005 20260303065515.0
008 070719c20070613xo drz 0 0slo
038 |a KEVKJB 
040 |a KEVKJB  |b slo  |c KEVKJB  |e AACR2 
041 0 |a slo 
044 |a xo  |c SK 
080 |a 7.079  |2 2001 
080 |a 061.7  |2 2001 
245 0 0 |a Zlatý žobrák štartuje už dnes  |b podujatie ponúka bohatý program  |c [autor] (ato) 
300 |b Fotogr. 
611 2 7 |a Zlatý žobrák  |n (13. :  |d 2007 :  |c Košice, Slovensko)  |2 kevkjb  |9 1061284 
611 1 7 |a Medzinárodný festival lokálnych a mestských televízií (Košice, Slovensko)  |2 kevkjb  |9 877415 
650 0 7 |a medzinárodné festivaly  |x lokálne televízie  |2 kevkjb  |9 1042524 
650 0 7 |a lokálne televízie  |x festivaly  |2 kevkjb  |9 1042523 
651 7 |a Košice (Slovensko)  |2 kevkjb  |9 18694 
773 0 |t Košický denník Korzár  |g Roč. X, č. 135 (13.6.2007), s. 4  |x 1335-4566 
852 |a KEVKJB  |b KIS3GCP 
856 4 1 |u www.korzar.sk 
999 |c 1751470  |d 1753400